[Event "Preferente Aragonesa 2024 - Grupo I"]
[Site "?"]
[Date "2024.01.27"]
[Round "1.47"]
[White "Caballero Ortin, Jorge"]
[Black "Machin Torcal, Eduardo"]
[Result "1-0"]
[WhiteElo "1724"]
[BlackElo "1636"]
[PlyCount "105"]
[GameId "2166508113391718"]
[EventDate "2024.01.27"]
[WhiteTeam "Palacio De Pioneros B"]
[BlackTeam "El Olivar C"]

1. e4 e5 2. Nf3 Nc6 3. d4 exd4 4. Bc4 d6 5. Nxd4 Nf6 6. O-O Be7 7. Nc3 O-O 8. Re1 Bd7 9. a4 a6 10. f3 Ne5 11. Bf1 Nc6 12. Be3 Re8 13. Qd2 Nxd4 14. Bxd4 Bc6 15. Bf2 Rf8 16. Kh1 Ne8 17. Rad1 Bf6 18. b3 g6 19. a5 Bg7 20. Nd5 Kh8 21. Bc4 Qd7 22. Bd4 Bxd5 23. Bxg7+ Kxg7 24. Bxd5 Rb8 25. Bc4 Kg8 26. e5 Ng7 27. Re3 Ne6 28. exd6 Qxd6 29. Qxd6 cxd6 30. Rxd6 Rbd8 31. Red3 Rxd6 32. Rxd6 Rd8 33. Rd5 Kf8 34. Kg1 Ke7 35. Rxd8 Nxd8 36. b4 Kd6 37. Kf2 f6 38. Ke3 Nc6 39. c3 Ne5 40. Kd4 h6 41. Bd3 g5 42. Be4 Nc6+ 43. Bxc6 bxc6 44. g4 Ke6 45. c4 f5 46. h3 fxg4 47. fxg4 Kd6 48. Ke4 Ke6 49. b5 cxb5 50. cxb5 axb5 51. a6 b4 52. a7 b3 53. a8=Q 1-0

[Event "Preferente Aragonesa 2024 - Grupo I"]
[Site "?"]
[Date "2024.01.27"]
[Round "1.48"]
[White "Fron Guiu, David"]
[Black "Crespo Laborda, Alberto"]
[Result "1/2-1/2"]
[WhiteElo "1415"]
[BlackElo "1633"]
[PlyCount "114"]
[GameId "2166508113440871"]
[EventDate "2024.01.27"]
[WhiteTeam "El Olivar C"]
[BlackTeam "Palacio De Pioneros B"]

1. e4 e6 2. d4 d5 3. exd5 exd5 4. Bd3 Nf6 5. Bg5 Be7 6. Nc3 O-O 7. Nge2 Nbd7 8. O-O c5 9. Bxf6 Nxf6 10. dxc5 Bxc5 11. Nf4 Be6 12. Re1 Bxf2+ 13. Kxf2 Qb6+ 14. Kg3 g5 15. Nfxd5 Bxd5 16. Nxd5 Qd6+ 17. Kf2 Nxd5 18. Be4 Qb6+ 19. Kg3 Nf6 20. Bf3 Qc7+ 21. Kf2 Qf4 22. g3 Qf5 23. Kg2 Rac8 24. c3 Rcd8 25. Qe2 Rd7 26. Qe5 Rd2+ 27. Kg1 Qxe5 28. Rxe5 h6 29. Re2 Rfd8 30. Rae1 b6 31. Kf2 Ne8 32. Rxd2 Rxd2+ 33. Re2 Rxe2+ 34. Bxe2 f5 35. Ke3 Kg7 36. c4 Kf6 37. Kd4 Nc7 38. b4 a6 39. a4 Ke6 40. a5 bxa5 41. bxa5 Kd6 42. c5+ Kc6 43. Kc4 Nb5 44. Bf3+ Kc7 45. Kd5 Kd7 46. Ke5 Kc7 47. Kf6 Nd4 48. Bd5 f4 49. g4 f3 50. Bc4 Kc6 51. Kg6 Kxc5 52. Bf1 f2 53. Kxh6 Nf3 54. Bxa6 Kb4 55. Be2 Kxa5 56. Kg6 Nxh2 57. Kxg5 Nxg4 1/2-1/2

[Event "Preferente Aragonesa 2024 - Grupo I"]
[Site "?"]
[Date "2024.01.27"]
[Round "1.49"]
[White "Sig Vargas, Pablo"]
[Black "Garcia Alriols, Jesus"]
[Result "0-1"]
[WhiteElo "1898"]
[BlackElo "1782"]
[PlyCount "102"]
[GameId "2166508113485928"]
[EventDate "2024.01.27"]
[WhiteTeam "Enroque de Barbastro"]
[BlackTeam "Binefar"]

1. e4 e6 2. d4 d5 3. e5 c5 4. c3 Nc6 5. Nf3 Qb6 6. a3 Nh6 7. b4 cxb4 8. cxb4 Nf5 9. Bb2 Bd7 10. g4 Nfe7 11. Nc3 Ng6 12. Na4 Qd8 13. Nc5 b6 14. Nd3 f6 15. Qe2 Be7 16. Bg2 Rc8 17. Rc1 O-O 18. O-O fxe5 19. Ndxe5 Ncxe5 20. Nxe5 Nf4 21. Qa6 Rxc1 22. Bxc1 Qc7 23. Bxf4 Rxf4 24. Nxd7 Qxd7 25. Rc1 Rxd4 26. h3 Rf4 27. Qc8+ Qxc8 28. Rxc8+ Kf7 29. b5 Bxa3 30. Rc7+ Kf6 31. Rc6 Rd4 32. Rc7 h6 33. Rxa7 Bc5 34. Ra2 Rb4 35. Bf1 e5 36. Kg2 Bd4 37. f3 h5 38. Rc2 h4 39. Bd3 Bc5 40. Re2 Rb3 41. Rd2 Be3 42. Rd1 Rb2+ 43. Kh1 Kg5 44. Bf1 Kf4 45. Re1 Kxf3 46. g5 e4 47. g6 d4 48. Bg2+ Rxg2 49. Rf1+ Rf2 50. Rg1 d3 51. Rg4 Rf1+ 0-1

[Event "Preferente Aragonesa 2024 - Grupo I"]
[Site "?"]
[Date "2024.01.27"]
[Round "1.50"]
[White "Bonet Herbera, Isabel"]
[Black "Galicia Gracia, Pablo"]
[Result "1-0"]
[WhiteElo "1780"]
[BlackElo "1890"]
[PlyCount "95"]
[GameId "2166508113600617"]
[EventDate "2024.01.27"]
[WhiteTeam "Binefar"]
[BlackTeam "Enroque de Barbastro"]

1. e4 g6 2. d4 Bg7 3. Nc3 d6 4. Bg5 Nd7 5. Qd2 Nb6 6. O-O-O h6 7. Be3 Nf6 8. f3 Bd7 9. g4 h5 10. g5 Nh7 11. f4 c6 12. Bd3 Qc7 13. Nf3 Bg4 14. Qg2 O-O-O 15. h3 Bxf3 16. Qxf3 Nf8 17. f5 Kb8 18. fxg6 fxg6 19. h4 e5 20. d5 c5 21. Rhf1 Re8 22. Rf2 Re7 23. Rdf1 a6 24. Qh3 Nh7 25. Rf3 Rf8 26. R1f2 Rff7 27. Qf1 Rxf3 28. Rxf3 Kc8 29. Be2 Kd8 30. Rf2 Ke8 31. Qd1 Nf8 32. Bxh5 gxh5 33. Qxh5+ Kd8 34. g6 Kc8 35. Qg5 Nc4 36. Nd1 Kd8 37. h5 Ke8 38. h6 Bh8 39. Qf5 Nd7 40. Bg5 Nf6 41. Bxf6 Bxf6 42. Qxf6 Qa5 43. a3 Nxb2 44. Kxb2 Qb5+ 45. Kc1 Qa4 46. g7 Qxa3+ 47. Kd2 Qb4+ 48. c3 1-0

[Event "Preferente Aragonesa 2024 - Grupo I"]
[Site "?"]
[Date "2024.01.27"]
[Round "1.51"]
[White "Campo Pelegrin, Ramon"]
[Black "Ballarin Corvinos, Jorge"]
[Result "1-0"]
[WhiteElo "1793"]
[BlackElo "1770"]
[PlyCount "57"]
[GameId "2166508113649770"]
[EventDate "2024.01.27"]
[WhiteTeam "Enroque de Barbastro"]
[BlackTeam "Binefar"]

1. e4 c5 2. Nc3 e6 3. f4 Nf6 4. Nf3 d5 5. e5 Ng4 6. Bb5+ Nc6 7. d3 Be7 8. O-O O-O 9. Bxc6 bxc6 10. h3 Nh6 11. b3 f6 12. Na4 fxe5 13. Nxe5 Bb7 14. Qe1 Bd6 15. Ba3 Qe7 16. Qa5 Rxf4 17. Rxf4 Bxe5 18. Bxc5 Qg5 19. Rf3 Nf5 20. Raf1 h5 21. Bf2 Re8 22. Qxa7 Bc8 23. Qc5 Re7 24. Nb6 Bd6 25. Rxf5 exf5 26. Qxd6 Re6 27. Qg3 Qd8 28. Bd4 g6 29. Qb8 1-0

[Event "Preferente Aragonesa 2024 - Grupo I"]
[Site "?"]
[Date "2024.01.27"]
[Round "1.52"]
[White "Rosa Garcia, Jesus"]
[Black "Rubiella Moreno, Oscar"]
[Result "1/2-1/2"]
[WhiteElo "1704"]
[BlackElo "1691"]
[PlyCount "224"]
[GameId "2166508113698923"]
[EventDate "2024.01.27"]
[WhiteTeam "Binefar"]
[BlackTeam "Enroque de Barbastro"]

1. b4 e5 2. Bb2 Bxb4 3. Bxe5 Nf6 4. Nf3 O-O 5. e3 Re8 6. Be2 Nc6 7. Bb2 d5 8. O-O Bf5 9. d3 h6 10. Nbd2 Qe7 11. c4 dxc4 12. Nxc4 Rad8 13. Qb3 Be6 14. Qc2 Bf5 15. Rfd1 a6 16. Rac1 Bh7 17. Qb3 Na5 18. Nxa5 Bxa5 19. Bxf6 Qxf6 20. Qxb7 Rb8 21. Qd5 Bb6 22. Qc4 Bf5 23. d4 Be6 24. Qc6 Qe7 25. Bxa6 Bd7 26. Qc2 Ra8 27. Bc4 Ba4 28. Bb3 Bxb3 29. Qxb3 Ra3 30. Qc4 Rea8 31. Rc2 R8a4 32. Qe2 Qe6 33. d5 Qe4 34. h3 Qe7 35. Rd3 Qb4 36. Rxa3 Rxa3 37. Qd2 Qe7 38. Rb2 Qd6 39. Rb3 Ra5 40. Rd3 Ra4 41. Qc2 Ra5 42. Qb3 Rc5 43. g3 Qf6 44. Kg2 Qd6 45. Nd2 Rc1 46. Nc4 Qc5 47. Nxb6 cxb6 48. d6 Qc6+ 49. Qd5 Qd7 50. Rb3 Rc6 51. Rd3 Rc5 52. Qe4 Kf8 53. Ra3 g6 54. Ra8+ Kg7 55. Ra3 Qxd6 56. Qd4+ Qxd4 57. exd4 Rc4 58. Rd3 Kf6 59. Kf3 Ke6 60. Ke4 f5+ 61. Ke3 b5 62. Rb3 b4 63. a3 Kd5 64. Rxb4 Rc3+ 65. Ke2 Rxa3 66. Rb6 Kxd4 67. Rxg6 Ke4 68. Re6+ Kd4 69. Rxh6 Ke5 70. h4 f4 71. Rg6 fxg3 72. Rxg3 Ra1 73. Kf3 Kf5 74. Kg2 Ra4 75. Kh3 Ra1 76. Kg2 Ra4 77. Kh3 Ra1 78. Rg5+ Kf4 79. Kg2 Ra6 80. Rg8 Ra5 81. Kh3 Ra3+ 82. Rg3 Ra1 83. Kg2 Ra5 84. Rg8 Rb5 85. Rd8 Kg4 86. Rd4+ Kh5 87. Kg3 Rb3+ 88. f3 Rb5 89. Re4 Ra5 90. Re3 Rb5 91. f4 Rb6 92. Re5+ Kh6 93. h5 Rb1 94. Kg4 Rb6 95. Rd5 Ra6 96. f5 Ra1 97. Rd6+ Kg7 98. Kg5 Rg1+ 99. Kf4 Rf1+ 100. Ke5 Rh1 101. h6+ Kf7 102. Re6 Re1+ 103. Kd6 Rh1 104. Kd7 Rd1+ 105. Rd6 Rh1 106. Kd8 Rh2 107. Kc7 Rh5 108. Rd7+ Kf6 109. h7 Rh4 110. Kd8 Kxf5 111. Ke8 Kg6 112. Kf8 Rxh7 1/2-1/2

[Event "Preferente Aragonesa 2024 - Grupo II"]
[Site "?"]
[Date "2024.01.27"]
[Round "1.53"]
[White "Anson Casaos, Alejandro"]
[Black "Cabrera Moreno, Daniel"]
[Result "0-1"]
[WhiteElo "1794"]
[BlackElo "2157"]
[PlyCount "76"]
[GameId "2166508113748076"]
[EventDate "2024.01.27"]
[WhiteTeam "Helios B"]
[BlackTeam "Tauste"]

1. c4 Nf6 2. Nc3 c5 3. Nf3 d5 4. cxd5 Nxd5 5. e3 Nc6 6. Be2 e6 7. O-O Be7 8. d4 cxd4 9. exd4 O-O 10. a3 b6 11. Be3 Bb7 12. Rc1 Nxc3 13. Rxc3 Bf6 14. Qd2 Rc8 15. Rfc1 Qd5 16. Bc4 Qh5 17. Qe2 Ne7 18. Ba6 Rxc3 19. bxc3 Bxf3 20. gxf3 Qa5 21. Bb7 Qxa3 22. Rc2 Qd6 23. Bc1 a5 24. Be4 Nd5 25. Qd3 g6 26. Bh6 Bg7 27. Bg5 Rc8 28. Qa6 Qc7 29. h4 h5 30. Bd2 Rd8 31. Rb2 Nxc3 32. Bxc3 Qxc3 33. Rxb6 Bxd4 34. Rb1 Kg7 35. Kg2 Bxf2 36. Kxf2 Rd2+ 37. Kf1 Qe3 38. Qxa5 Qf2# 0-1

[Event "Preferente Aragonesa 2024 - Grupo II"]
[Site "?"]
[Date "2024.01.27"]
[Round "1.54"]
[White "Fernandez Rubio, Rafael"]
[Black "Gonzalez Azuara, Javier"]
[Result "1-0"]
[WhiteElo "2033"]
[BlackElo "1707"]
[PlyCount "67"]
[GameId "2166508113834093"]
[EventDate "2024.01.27"]
[WhiteTeam "Tauste"]
[BlackTeam "Helios B"]

1. e4 e6 2. d4 d5 3. Bd3 dxe4 4. Bxe4 Nf6 5. Bf3 c5 6. Ne2 cxd4 7. Qxd4 Qxd4 8. Nxd4 Be7 9. Nb5 Na6 10. Be3 O-O 11. N1c3 Bc5 12. Bxc5 Nxc5 13. O-O-O Bd7 14. b4 Bxb5 15. Nxb5 Nce4 16. Rd4 Nxf2 17. Re1 Rad8 18. Rxd8 Rxd8 19. Bxb7 Rb8 20. Nd6 Ne8 21. Nxe8 Rxb7 22. Re2 Ng4 23. h3 Nh6 24. a3 Nf5 25. Rd2 Kf8 26. Nd6 Nxd6 27. Rxd6 Ke7 28. Ra6 Kd7 29. c4 Kc7 30. c5 Kb8 31. Rd6 a5 32. c6 Rb6 33. bxa5 Ra6 34. c7+ 1-0

[Event "Preferente Aragonesa 2024 - Grupo II"]
[Site "?"]
[Date "2024.01.27"]
[Round "1.55"]
[White "Moreno Burillo, Maria"]
[Black "Turon Perez, David"]
[Result "1-0"]
[WhiteElo "1536"]
[BlackElo "1857"]
[PlyCount "45"]
[GameId "2166508113895534"]
[EventDate "2024.01.27"]
[WhiteTeam "Helios B"]
[BlackTeam "Tauste"]

1. e4 e5 2. Nf3 Nc6 3. Bc4 Nf6 4. d3 Bc5 5. c3 d6 6. Nbd2 O-O 7. h3 Bb6 8. Bb3 d5 9. O-O dxe4 10. dxe4 Qe7 11. Re1 Be6 12. Nc4 Bxc4 13. Bxc4 Qc5 14. Qe2 Nxe4 15. Qxe4 Qxf2+ 16. Kh2 Rad8 17. Rf1 Qc5 18. Ng5 g6 19. Nxf7 Rxf7 20. Bxf7+ Kg7 21. Qh4 Qd6 22. Bh6+ Kh8 23. Rad1 1-0

[Event "Preferente Aragonesa 2024 - Grupo II"]
[Site "?"]
[Date "2024.01.27"]
[Round "1.57"]
[White "Hernando Garcia, Antonio"]
[Black "Ramo Frontinan, Cristobal"]
[Result "1/2-1/2"]
[WhiteElo "2070"]
[BlackElo "2310"]
[PlyCount "36"]
[GameId "2166508113948783"]
[EventDate "2024.01.27"]
[WhiteTeam "El Olivar B"]
[BlackTeam "Maristas"]

1. Nf3 d5 2. c4 dxc4 3. Na3 a6 4. Nxc4 b5 5. Ne3 Bb7 6. a4 b4 7. b3 Nf6 8. d3 e6 9. Bb2 Be7 10. g3 O-O 11. Bg2 Nbd7 12. O-O Nd5 13. Nxd5 Bxd5 14. Nd2 Bxg2 15. Kxg2 Bf6 16. Qc2 Bxb2 17. Qxb2 Nf6 18. Rac1 Nd5 1/2-1/2

[Event "Preferente Aragonesa 2024 - Grupo II"]
[Site "?"]
[Date "2024.01.27"]
[Round "1.58"]
[White "Neila Castillo, Miguel Angel"]
[Black "Veras Sanz, Marino"]
[Result "1/2-1/2"]
[WhiteElo "2140"]
[BlackElo "2009"]
[PlyCount "58"]
[GameId "2166508114063472"]
[EventDate "2024.01.27"]
[WhiteTeam "Maristas"]
[BlackTeam "El Olivar B"]

1. e4 c5 2. Nf3 d6 3. Nc3 Nf6 4. d4 cxd4 5. Nxd4 g6 6. Be3 Bg7 7. Be2 O-O 8. Qd2 Nc6 9. O-O-O Ng4 10. Bxg4 Bxg4 11. f3 Nxd4 12. Bxd4 Bxd4 13. Qxd4 Be6 14. h4 Qb6 15. Qxb6 axb6 16. b3 Rfc8 17. Kb2 Rc5 18. Na4 Rc6 19. Nc3 Rac8 20. Rd3 b5 21. a3 f5 22. Rc1 fxe4 23. fxe4 Rc5 24. Rf3 Re5 25. Rcf1 d5 26. exd5 Bxd5 27. Nxd5 Rxd5 28. R1f2 Rdc5 29. Re3 R8c7 1/2-1/2

[Event "Preferente Aragonesa 2024 - Grupo II"]
[Site "?"]
[Date "2024.01.27"]
[Round "1.59"]
[White "Gracia Campo, Carlos Alberto"]
[Black "Naya Sancho, Jose Ignacio"]
[Result "0-1"]
[WhiteElo "2007"]
[BlackElo "2102"]
[PlyCount "88"]
[GameId "2166508114112625"]
[EventDate "2024.01.27"]
[WhiteTeam "El Olivar B"]
[BlackTeam "Maristas"]

1. e4 c5 2. Nf3 d6 3. d4 Nf6 4. Nc3 cxd4 5. Qxd4 Nc6 6. Bb5 Bd7 7. Bxc6 Bxc6 8. Bg5 e6 9. O-O-O Be7 10. Qd3 O-O 11. Nd4 Qa5 12. f4 Rac8 13. f5 Bd7 14. Nb3 Qe5 15. Rhf1 exf5 16. exf5 Rxc3 17. Qxc3 Qxh2 18. Qh3 Qxh3 19. gxh3 g6 20. Nd4 Kg7 21. Rde1 Bd8 22. Bf4 Bb6 23. c3 Bxd4 24. cxd4 Rc8+ 25. Kd2 Bxf5 26. Rc1 Ne4+ 27. Ke3 Re8 28. Kf3 Bxh3 29. Rfe1 d5 30. Rc7 g5 31. Be5+ Kg6 32. Rxb7 f6 33. Bh2 Kf5 34. Rxa7 g4+ 35. Ke3 Ng5+ 36. Kf2 Rxe1 37. Kxe1 Nf3+ 38. Kf2 Nxh2 39. Rxh7 Kf4 40. Rg7 g3+ 41. Kg1 Nf3+ 42. Kh1 g2+ 43. Rxg2 Bxg2+ 44. Kxg2 Nxd4 0-1

[Event "Preferente Aragonesa 2024 - Grupo II"]
[Site "?"]
[Date "2024.01.27"]
[Round "1.60"]
[White "Campo Millan, Diego"]
[Black "Arinez Bruna, Octavio"]
[Result "1-0"]
[WhiteElo "2060"]
[BlackElo "1862"]
[PlyCount "87"]
[GameId "2166508114161778"]
[EventDate "2024.01.27"]
[WhiteTeam "Maristas"]
[BlackTeam "El Olivar B"]

1. Nf3 c5 2. g3 Nc6 3. Bg2 g6 4. O-O Bg7 5. d3 e5 6. c4 Nge7 7. Nc3 O-O 8. a3 d6 9. Rb1 a5 10. Re1 h6 11. b3 Be6 12. Bb2 Rb8 13. Qc2 f5 14. e3 Qd7 15. Rbd1 b6 16. d4 exd4 17. exd4 cxd4 18. Nb5 Bf7 19. Nfxd4 Nxd4 20. Bxd4 d5 21. Bxg7 Kxg7 22. Qc3+ Kh7 23. Qf6 Ng8 24. Qd4 Ne7 25. Qe5 Nc6 26. Qd6 Rbd8 27. cxd5 Qxd6 28. Nxd6 Na7 29. Nc4 Nc8 30. Ne5 Kg7 31. b4 axb4 32. axb4 Kf6 33. f4 Nd6 34. Rc1 Ne4 35. Rc6+ Kg7 36. Bxe4 fxe4 37. d6 b5 38. d7 Bc4 39. Rxg6+ Kh7 40. Rd6 Ra8 41. Nxc4 bxc4 42. Rxe4 Ra1+ 43. Kf2 Ra2+ 44. Ke3 1-0

[Event "Preferente Aragonesa 2024 - Grupo II"]
[Site "?"]
[Date "2024.01.27"]
[Round "1.61"]
[White "Asensio Asensio, Nicolas"]
[Black "Jimenez Fernandez, Alejandro"]
[Result "1-0"]
[WhiteElo "2028"]
[BlackElo "1948"]
[PlyCount "63"]
[GameId "2166508114210931"]
[EventDate "2024.01.27"]
[WhiteTeam "Aulazenter"]
[BlackTeam "Iberajedrez Mundo 64 B"]

1. e4 c6 2. c4 d5 3. exd5 cxd5 4. cxd5 Nf6 5. Nc3 Nxd5 6. Nf3 e6 7. d4 Be7 8. Bd3 Nc6 9. O-O Bf6 10. Bc2 Ndb4 11. Ba4 O-O 12. a3 Nd5 13. Qd3 Nce7 14. Ne4 Nf5 15. Rd1 Bd7 16. Bc2 g6 17. Ne5 Bg7 18. b4 b6 19. Bb2 Rc8 20. Bb3 Bc6 21. Rac1 Bb7 22. b5 Bh6 23. Rxc8 Qxc8 24. Ng4 Nf4 25. Nxh6+ Nxh6 26. Qe3 Bxe4 27. Qxf4 Bc2 28. Rc1 Bxb3 29. Rxc8 Rxc8 30. Qxh6 Rc2 31. Bc1 Re2 32. h4 1-0

[Event "Preferente Aragonesa 2024 - Grupo II"]
[Site "?"]
[Date "2024.01.27"]
[Round "1.62"]
[White "Sanchez Castro, Roberto"]
[Black "Conon, Catalin"]
[Result "0-1"]
[WhiteElo "1916"]
[BlackElo "1893"]
[PlyCount "108"]
[GameId "2166508114268276"]
[EventDate "2024.01.27"]
[WhiteTeam "Iberajedrez Mundo 64 B"]
[BlackTeam "Aulazenter"]

1. d4 d5 2. Bf4 Nf6 3. Nf3 c5 4. e3 Nc6 5. Nc3 a6 6. dxc5 e6 7. Na4 Nd7 8. Bd6 Bxd6 9. cxd6 b5 10. Nc3 Nf6 11. e4 Nxe4 12. Nxe4 dxe4 13. Ng1 Nb4 14. a3 Nd5 15. Qd4 Qf6 16. Qxf6 Nxf6 17. b3 Kd7 18. Rd1 Rd8 19. Ne2 Kc6 20. Nd4+ Kc5 21. c4 bxc4 22. b4+ Kb6 23. Nc2 Bd7 24. Ne3 Bb5 25. g4 c3 26. g5 Nd7 27. a4 Bxf1 28. Kxf1 Ne5 29. Ke2 Rac8 30. Rd4 f5 31. gxf6 gxf6 32. Rxe4 Rxd6 33. Rd1 Rdc6 34. f4 c2 35. Rc1 Ng6 36. Kd2 Rd8+ 37. Ke2 f5 38. Rc4 Rdc8 39. Rd4 e5 40. fxe5 Nxe5 41. Rd5 Nc4 42. Nxf5 Re8+ 43. Kf2 Ne5 44. a5+ Ka7 45. Kg3 Rc3+ 46. Kh4 Nd3 47. Rd7+ Kb8 48. Rxd3 Rxd3 49. Rxc2 Re4+ 50. Kg5 Rxb4 51. Ne7 Rb5+ 52. Kf4 Rd6 53. Nc6+ Kb7 54. Ne5 Rf6+ 0-1

[Event "Preferente Aragonesa 2024 - Grupo II"]
[Site "?"]
[Date "2024.01.27"]
[Round "1.63"]
[White "Morales Anadon, Tomas"]
[Black "Moreno Burillo, Marcos Antonio"]
[Result "0-1"]
[WhiteElo "1643"]
[BlackElo "1814"]
[PlyCount "142"]
[GameId "2166508114317429"]
[EventDate "2024.01.27"]
[WhiteTeam "Aulazenter"]
[BlackTeam "Iberajedrez Mundo 64 B"]

1. e4 g6 2. d4 Bg7 3. Nf3 d6 4. Bc4 Nf6 5. Nc3 O-O 6. O-O Nxe4 7. Nxe4 d5 8. Bd3 dxe4 9. Bxe4 c6 10. c3 Qc7 11. Re1 Nd7 12. Bc2 Nf6 13. Ne5 Be6 14. Bf4 Qb6 15. Qc1 Rad8 16. a4 a5 17. Rb1 Nd5 18. Bg3 c5 19. dxc5 Qxc5 20. Re2 Nb6 21. Qe1 Nd5 22. Bb3 Nf4 23. Bxf4 Bxb3 24. Ra1 e6 25. Nf3 Rd5 26. Nd2 Bc4 27. Nxc4 Qxc4 28. Re4 Qb3 29. Qe2 Rfd8 30. h3 Bf8 31. Kh2 Bd6 32. Bxd6 R5xd6 33. Qb5 Qxb5 34. axb5 b6 35. Rae1 Rc8 36. Kg3 Rd2 37. R1e2 Rxe2 38. Rxe2 Rc5 39. Kf3 Kf8 40. Re4 Rxb5 41. b4 a4 42. Ke3 Rd5 43. Kf3 Rd3+ 44. Ke2 Rxc3 45. b5 Rc5 46. Rxa4 Rxb5 47. Ra2 Ke7 48. Kd3 h5 49. Kc4 Rc5+ 50. Kb4 Kd6 51. Re2 Kc6 52. Re3 Rb5+ 53. Kc4 Rd5 54. Kb4 Rg5 55. g3 Rb5+ 56. Kc4 Rc5+ 57. Kb4 b5 58. Rd3 Rc4+ 59. Kb3 Rc5 60. Kb4 h4 61. g4 Rc4+ 62. Kb3 Rf4 63. f3 Kc5 64. Rc3+ Rc4 65. Rd3 b4 66. Kb2 g5 67. Kb3 e5 68. Kb2 f6 69. Kb3 Rc1 70. Rd8 Rc3+ 71. Kb2 Rxf3 0-1

[Event "Preferente Aragonesa 2024 - Grupo II"]
[Site "?"]
[Date "2024.01.27"]
[Round "1.64"]
[White "Martinez Sanz, Pablo"]
[Black "Martinez Arroyo, Fernando"]
[Result "1-0"]
[WhiteElo "1728"]
[BlackElo "1481"]
[PlyCount "48"]
[GameId "2166508114366582"]
[EventDate "2024.01.27"]
[WhiteTeam "Iberajedrez Mundo 64 B"]
[BlackTeam "Aulazenter"]

1. c4 e5 2. Nc3 Nf6 3. g3 Bc5 4. Bg2 c6 5. e3 d5 6. cxd5 cxd5 7. Qb3 Nc6 8. Nxd5 Nxd5 9. Bxd5 O-O 10. Bxc6 bxc6 11. Ne2 Be6 12. Qc2 Qb6 13. b3 Bd5 14. Rg1 f5 15. Bb2 Rae8 16. Nc3 Bf3 17. Qd3 Rd8 18. Qc4+ Kh8 19. Na4 Qb4 20. Qxb4 Bxb4 21. Nc3 Rd3 22. a3 Ba5 23. b4 Bb6 24. Na4 Rfd8 {Ilegible} 1-0

[Event "Preferente Aragonesa 2024 - Grupo II"]
[Site "?"]
[Date "2024.01.27"]
[Round "1.65"]
[White "Chueca Lorente, Javier"]
[Black "Navarro Remon, Mario"]
[Result "1-0"]
[WhiteElo "2175"]
[BlackElo "1864"]
[PlyCount "111"]
[GameId "2166508114468983"]
[EventDate "2024.01.27"]
[WhiteTeam "MyInvestor Casablanca C"]
[BlackTeam "Teruel B"]

1. c4 c5 2. g3 Nf6 3. Bg2 d5 4. cxd5 Nxd5 5. Nc3 e6 6. d3 Nc6 7. Nf3 Nxc3 8. bxc3 Be7 9. O-O O-O 10. Rb1 Bf6 11. Qc2 Qe7 12. Ba3 e5 13. Nd2 Qc7 14. Bxc5 Re8 15. Nc4 b6 16. Bd6 Qd7 17. Qa4 Bb7 18. Ba3 Re6 19. Bh3 Nd4 20. Qd1 Qc6 21. e4 Nb5 22. Bxe6 fxe6 23. Rxb5 Qxb5 24. Nd6 Qd7 25. Qb3 Ba6 26. c4 Be7 27. Nb5 Bxb5 28. cxb5 Bxa3 29. Qxa3 Qxb5 30. Qd6 Qb2 31. Qxe6+ Kh8 32. Qd5 Rf8 33. f4 Qe2 34. Rf2 Qe1+ 35. Kg2 exf4 36. Rxf4 Rc8 37. Qf5 Rg8 38. Rf2 h6 39. Qd7 Qe3 40. a4 a6 41. Qd6 a5 42. Rb2 Rc8 43. Rf2 Rg8 44. Rc2 Re8 45. Kh3 Qe1 46. Qf4 Qd1 47. Qd2 Qf1+ 48. Kg4 Re6 49. Rc8+ Kh7 50. Qf4 Qe2+ 51. Kh3 Rf6 52. Qg4 Qf1+ 53. Kh4 Qxd3 54. Rc7 Rg6 55. Qf4 Rf6 56. Qxf6 1-0

[Event "Preferente Aragonesa 2024 - Grupo II"]
[Site "?"]
[Date "2024.01.27"]
[Round "1.67"]
[White "Miranda Herrera, Belen"]
[Black "Pache Marconell, Juan"]
[Result "1-0"]
[WhiteElo "1823"]
[BlackElo "1807"]
[PlyCount "65"]
[GameId "2166508114591865"]
[EventDate "2024.01.27"]
[WhiteTeam "MyInvestor Casablanca C"]
[BlackTeam "Teruel B"]

1. e4 c5 2. Nf3 d6 3. d4 cxd4 4. Nxd4 Nf6 5. Nc3 a6 6. Bc4 e6 7. a4 Be7 8. O-O O-O 9. Be3 Nxe4 10. Nxe4 d5 11. Bd3 e5 12. Qh5 dxe4 13. Bxe4 g6 14. Qxe5 Nd7 15. Qf4 Nc5 16. Rfd1 Bd6 17. Qf3 Qh4 18. Bf5 Bxh2+ 19. Kf1 Bxf5 20. Nxf5 gxf5 21. g3 Qh3+ 22. Qg2 Qh5 23. Bxc5 Rfc8 24. Rd5 b6 25. Bxb6 Rxc2 26. Rd2 Rac8 27. Rxc2 Rxc2 28. Re1 Bxg3 29. Re8+ Kg7 30. Qxg3+ Qg6 31. Bd4+ Kh6 32. Qh4+ Qh5 33. Be3+ 1-0

[Event "Preferente Aragonesa 2024 - Grupo II"]
[Site "?"]
[Date "2024.01.27"]
[Round "1.68"]
[White "Arpa Pardos, Emilio"]
[Black "Alvarez Gonzalo, Miguel Angel"]
[Result "0-1"]
[WhiteElo "1799"]
[BlackElo "1728"]
[PlyCount "92"]
[GameId "2166508114641018"]
[EventDate "2024.01.27"]
[WhiteTeam "Teruel B"]
[BlackTeam "MyInvestor Casablanca C"]

1. e4 c5 2. Nf3 d6 3. d4 cxd4 4. Nxd4 Nf6 5. Nc3 a6 6. Be2 e5 7. Nb3 Be7 8. Be3 Be6 9. O-O Nbd7 10. a4 O-O 11. a5 Nc5 12. Nxc5 dxc5 13. Qxd8 Rfxd8 14. Rfd1 h6 15. f3 Rac8 16. Na4 Rxd1+ 17. Rxd1 c4 18. Nb6 Rc6 19. Nd5 Bc5 20. Nxf6+ gxf6 21. Kf2 Kg7 22. Ra1 f5 23. Ra4 c3 24. b3 Bxb3 25. Ra1 Bxc2 26. Rc1 Bxe3+ 27. Kxe3 f4+ 28. Kf2 Ba4 29. Ke1 Rc5 30. g4 Bb5 31. Bxb5 axb5 32. Kd1 b4 33. Kc2 Rxa5 34. Kb3 Ra6 35. Kxb4 Rc6 36. Rxc3 Rxc3 37. Kxc3 h5 38. gxh5 Kh6 39. Kc4 Kxh5 40. Kd5 f6 41. Ke6 b5 42. Kd5 Kh4 43. Kc5 Kh3 44. Kxb5 Kxh2 45. Kc5 Kg3 46. Kd5 Kxf3 0-1

[Event "Preferente Aragonesa 2024 - Grupo II"]
[Site "?"]
[Date "2024.01.27"]
[Round "1.69"]
[White "Carretero Cacho, Juan Jose"]
[Black "Muro Guerrero, Miguel"]
[Result "0-1"]
[WhiteElo "2010"]
[BlackElo "2055"]
[PlyCount "68"]
[GameId "2166508114702459"]
[EventDate "2024.01.27"]
[WhiteTeam "Agrupacion B"]
[BlackTeam "Dr. Azua"]

1. e4 e5 2. Nf3 Nc6 3. d4 exd4 4. Bc4 Nf6 5. O-O Bc5 6. e5 d5 7. exf6 dxc4 8. fxg7 Rg8 9. Bg5 Be7 10. Bxe7 Kxe7 11. Na3 Qd5 12. Re1+ Be6 13. c3 d3 14. Nc2 Kd7 15. Ne3 Qc5 16. b4 Qd6 17. b5 Na5 18. Nd4 Qf4 19. Qh5 Rxg7 20. Rad1 Rag8 21. g3 Qg5 22. Qxg5 Rxg5 23. f4 Rc5 24. f5 Bd5 25. Kf2 c6 26. a4 cxb5 27. axb5 a6 28. Ra1 Nb3 29. Nxb3 cxb3 30. bxa6 bxa6 31. Rxa6 Rb8 32. Nxd5 Rxd5 33. f6 d2 34. Ra7+ Kc6 0-1

[Event "Preferente Aragonesa 2024 - Grupo II"]
[Site "?"]
[Date "2024.01.27"]
[Round "1.70"]
[White "Garcia Garcia, Enrique"]
[Black "Larrosa Poves, Jose Manuel"]
[Result "0-1"]
[WhiteElo "1842"]
[BlackElo "1876"]
[PlyCount "84"]
[GameId "2166508114763900"]
[EventDate "2024.01.27"]
[WhiteTeam "Dr. Azua"]
[BlackTeam "Agrupacion B"]

1. d4 d5 2. c4 c6 3. Nc3 e6 4. Nf3 dxc4 5. a4 Bb4 6. e3 b5 7. Bd2 a5 8. axb5 Bxc3 9. Bxc3 cxb5 10. b3 Bb7 11. bxc4 b4 12. Bb2 Nf6 13. Bd3 O-O 14. O-O Nbd7 15. Nd2 Nc5 16. Bc2 Nce4 17. f3 Nxd2 18. Qxd2 e5 19. d5 Qd6 20. Rfc1 Rfc8 21. Bb3 Nd7 22. e4 Nc5 23. Bd1 f6 24. Kh1 Bc6 25. Qe2 Be8 26. f4 a4 27. fxe5 fxe5 28. Rcb1 a3 29. Bc1 Rcb8 30. Qe1 Nd3 31. Qe3 Nxc1 32. Qxc1 Qc5 33. Bb3 Ba4 34. Bxa4 Rxa4 35. Qg5 b3 36. Qxe5 Raa8 37. Qc3 Qb4 38. Qxb4 Rxb4 39. Kg1 b2 40. Ra2 Rxc4 41. Kf2 Rb8 42. Rxa3 Rc1 0-1